Normal view
MARC view
Entry Corporate Name
001 - CONTROL NUMBER
- control field: 26515
003 - CONTROL NUMBER IDENTIFIER
- control field: ARRUPE
005 - DATE AND TIME OF LATEST TRANSACTION
- control field: 20161006104848.0
008 - FIXED-LENGTH DATA ELEMENTS
- fixed length control field: 161006|| aca||aabn | a|a d
040 ## - CATALOGING SOURCE
- Original cataloging agency: ARRUPE
- Transcribing agency: ARRUPE
110 ## - HEADING--CORPORATE NAME
- Corporate name or jurisdiction name as entry element: United Nations
- Geographic subdivision: Palestine.
670 ## - SOURCE DATA FOUND
- Source citation: Work cat.: (ARRUPE)0: United Nations. 26486, The Palestine question :, c1984.